[Event "SV Castrop-Rauxel 1 - SG Porz 2"]
[Site "Oberliga NRW 2013/2014"]
[Date "2014.03.09"]
[Round "7.7"]
[White "Pauly, Carlo"]
[Black "Mueller, Frank"]
[Result "1-0"]
[WhiteElo "2112"]
[BlackElo "1978"]
[PlyCount "93"]
[EventDate "2014.??.??"]
[WhiteTeam "SG Porz 2"]
[BlackTeam "SV Castrop-Rauxel 1"]

1. d4 Nf6 2. c4 g6 3. Nc3 d5 4. cxd5 Nxd5 5. Bd2 Bg7 6. e4 Nb6 7. Be3 O-O 8. h3
Nc6 9. Nf3 Kh8 10. Be2 f5 11. exf5 Bxf5 12. O-O Nd5 13. Qb3 Nxc3 14. bxc3 Be4
15. Ng5 Bd5 16. c4 Bg8 17. d5 Nd4 18. Qd3 Nxe2+ 19. Qxe2 h6 20. Ne4 b5 21. Rad1
bxc4 22. Qxc4 Rf5 23. Bd4 Rxd5 24. Bxg7+ Kxg7 25. Qc3+ Kh7 26. Rc1 Rd4 27. Rfe1
Rc4 28. Qe5 Rxc1 29. Rxc1 Rc8 30. h4 Qd7 31. h5 Bf7 32. Re1 Re8 33. Ng3 Qd6 34.
Qa5 Qb6 35. Qd2 c5 36. Qd7 Qd6 37. Qxa7 c4 38. Ne4 Qf4 39. g3 Qf3 40. hxg6+
Kxg6 41. Qd7 Qf5 42. Qd4 Ra8 43. Nc3 Qd3 44. Qg4+ Kh7 45. Rxe7 Qxc3 46. Rxf7+
Kh8 47. Qe4 1-0

[Event "SV Castrop-Rauxel 1 - SG Porz 2"]
[Site "Oberliga NRW 2013/2014"]
[Date "2014.03.09"]
[Round "7.8"]
[White "Mittelbachert, Ulrich"]
[Black "Sabirov, Ramil"]
[Result "1-0"]
[WhiteElo "1847"]
[BlackElo "2007"]
[PlyCount "53"]
[EventDate "2014.??.??"]
[WhiteTeam "SV Castrop-Rauxel 1"]
[BlackTeam "SG Porz 2"]

1. b4 c6 2. a3 a5 3. b5 d5 4. Nf3 Nd7 5. Bb2 Ngf6 6. e3 e6 7. Be2 Bd6 8. c4 O-O
9. d4 Ne4 10. Nbd2 f5 11. g3 Qe7 12. Ne5 Nxe5 13. dxe5 Bc5 14. Qc2 Bd7 15. O-O
Rfc8 16. Nxe4 fxe4 17. Qd2 Qg5 18. Bd4 Bf8 19. c5 Be7 20. bxc6 Bxc6 21. f4 exf3
22. Rxf3 Be8 23. Rb1 Bxc5 24. Bxc5 Rxc5 25. Qd4 Rac8 26. Rbf1 Bg6 27. Qxc5 1-0

[Event "SV Wattenscheid 2 - SK Münster 1"]
[Site "Oberliga NRW 2013/2014"]
[Date "2014.03.09"]
[Round "7.1"]
[White "Kuijf, Marinus"]
[Black "Mladenov, Svetlin"]
[Result "1-0"]
[WhiteElo "2357"]
[BlackElo "2434"]
[PlyCount "101"]
[EventDate "2014.??.??"]
[WhiteTeam "SK Münster 1"]
[BlackTeam "SV Wattenscheid 2"]

1. e4 c5 2. c3 Nf6 3. e5 Nd5 4. Nf3 e6 5. d4 cxd4 6. cxd4 d6 7. Bd3 Nb4 8. Bg5
Be7 9. Bxe7 Qxe7 10. Nc3 Nxd3+ 11. Qxd3 O-O 12. exd6 Qxd6 13. Ng5 f5 14. O-O
Nc6 15. Rad1 Rd8 16. d5 h6 17. Qe2 Nd4 18. Rxd4 hxg5 19. Re1 Bd7 20. Rdd1 e5
21. Qxe5 Qxe5 22. Rxe5 Re8 23. Re3 Rxe3 24. fxe3 Re8 25. Kf2 Kf7 26. Rd4 Kf6
27. Rc4 Rc8 28. Rxc8 Bxc8 29. e4 Ke5 30. exf5 Bxf5 31. Ke3 a6 32. d6 Kxd6 33.
Ne4+ Kd5 34. Nxg5 Bb1 35. a3 a5 36. Nf3 Bg6 37. g4 b6 38. h4 Be8 39. h5 Bd7 40.
g5 Bg4 41. h6 gxh6 42. gxh6 Bf5 43. Ng5 Kc4 44. Kd2 Kb3 45. Kc1 b5 46. h7 Bxh7
47. Nxh7 b4 48. axb4 Kxb4 49. Kb1 Kb3 50. Nf6 a4 51. Ne4 1-0

[Event "SV Wattenscheid 2 - SK Münster 1"]
[Site "Oberliga NRW 2013/2014"]
[Date "2014.03.09"]
[Round "7.2"]
[White "Schoorl, Rob"]
[Black "Bosboom, Manuel"]
[Result "0-1"]
[WhiteElo "2294"]
[BlackElo "2437"]
[PlyCount "70"]
[EventDate "2014.??.??"]
[WhiteTeam "SV Wattenscheid 2"]
[BlackTeam "SK Münster 1"]

1. e4 g6 2. d4 Bg7 3. Nc3 c6 4. f4 b5 5. a3 d6 6. Nf3 a6 7. Be3 Nd7 8. Be2 Ngf6
9. e5 Ng4 10. Bg1 Nb6 11. h3 Nh6 12. Bf2 O-O 13. O-O f6 14. exd6 exd6 15. d5 c5
16. b4 f5 17. bxc5 dxc5 18. Ne5 Qd6 19. a4 Nf7 20. axb5 Nxe5 21. fxe5 Bxe5 22.
Qd2 Re8 23. Bf3 Qf6 24. Rae1 axb5 25. Rxe5 Rxe5 26. Bxc5 Nc4 27. Qd3 Bd7 28.
Bd4 Ra3 29. Rb1 Qd6 30. Rb3 Re1+ 31. Kf2 Raa1 32. Nxb5 Rf1+ 33. Qxf1 Rxf1+ 34.
Kxf1 Qf4 35. Bc3 Qc1+ 0-1

[Event "SV Wattenscheid 2 - SK Münster 1"]
[Site "Oberliga NRW 2013/2014"]
[Date "2014.03.09"]
[Round "7.3"]
[White "Molinaroli, Martin"]
[Black "Straeter, Timo"]
[Result "1-0"]
[WhiteElo "2220"]
[BlackElo "2320"]
[Annotator "Doe,John"]
[PlyCount "97"]
[EventDate "2014.??.??"]
[WhiteTeam "SK Münster 1"]
[BlackTeam "SV Wattenscheid 2"]

1. b3 d5 2. Bb2 Bg4 3. f3 Bh5 4. Nh3 f6 5. d4 e6 6. Nf4 Bf7 7. e4 Bd6 8. Qd2
Ne7 9. Nc3 O-O 10. O-O-O Nbc6 11. exd5 Nxd5 12. Ncxd5 exd5 13. g3 a5 14. Bh3 a4
15. Ne6 Bxe6 16. Bxe6+ Kh8 17. Kb1 axb3 18. cxb3 Ra6 19. Bc3 Ba3 20. Bf5 Qd6
21. Rhe1 Bb4 22. Bxb4 Qxb4 23. Qxb4 Nxb4 24. Re2 Rfa8 25. Rde1 g6 26. Re8+ Rxe8
27. Rxe8+ Kg7 28. Bc8 Rxa2 29. Re7+ Kh6 30. Rxc7 Rxh2 31. Be6 Re2 32. Bg8 Re3
33. Rxh7+ Kg5 34. Kb2 Rxf3 35. Rxb7 Nd3+ 36. Kc2 Rxg3 37. Bxd5 Nf4 38. Bc6 Ne6
39. d5 Nd4+ 40. Kb2 f5 41. Be8 Re3 42. Bf7 Kf6 43. d6 Nc6 44. Bd5 Nd8 45. Rd7
Ne6 46. Bc4 f4 47. Rh7 Nd8 48. Rh8 Nc6 49. Rf8+ {ZÜ} 1-0

[Event "SV Wattenscheid 2 - SK Münster 1"]
[Site "Oberliga NRW 2013/2014"]
[Date "2014.03.09"]
[Round "7.4"]
[White "Hopman, Pieter"]
[Black "Emunds, Hans Georg"]
[Result "1-0"]
[WhiteElo "2372"]
[BlackElo "2203"]
[PlyCount "59"]
[EventDate "2014.??.??"]
[WhiteTeam "SV Wattenscheid 2"]
[BlackTeam "SK Münster 1"]

1. d4 Nf6 2. c4 e6 3. Nf3 b6 4. a3 Bb7 5. Nc3 d5 6. cxd5 Nxd5 7. e3 Nd7 8. Bb5
Nxc3 9. bxc3 c6 10. Bd3 Be7 11. e4 c5 12. O-O O-O 13. Bb2 Qc7 14. Re1 Rfd8 15.
Qe2 Bf6 16. Rad1 Nf8 17. Qe3 Ng6 18. e5 Be7 19. Nd2 Bf8 20. Qh3 Qe7 21. Re3 Nh4
22. Rg3 g6 23. Ne4 Bxe4 24. Bxe4 Rac8 25. Rgd3 cxd4 26. cxd4 Nf5 27. d5 Qg5 28.
d6 Bg7 29. g3 Nxd6 30. f4 1-0

[Event "SV Wattenscheid 2 - SK Münster 1"]
[Site "Oberliga NRW 2013/2014"]
[Date "2014.03.09"]
[Round "7.5"]
[White "Wolter, Kai"]
[Black "Franke, Johannes"]
[Result "1/2-1/2"]
[WhiteElo "2232"]
[BlackElo "2291"]
[Annotator "Doe,John"]
[PlyCount "42"]
[EventDate "2014.??.??"]
[WhiteTeam "SK Münster 1"]
[BlackTeam "SV Wattenscheid 2"]

1. e4 c6 2. d4 d5 3. e5 Bf5 4. Nf3 e6 5. Be2 Ne7 6. O-O c5 7. dxc5 Nec6 8. Be3
Nd7 9. c4 dxc4 10. Bxc4 a6 11. Nc3 Bxc5 12. Qe2 Bxe3 13. Qxe3 Qb6 14. Qf4 O-O
15. Rad1 Qc7 16. Rfe1 Rad8 17. a3 $11 b5 18. Ba2 Nc5 19. Qe3 Nd3 20. Re2 b4 21.
axb4 Ncxb4 1/2-1/2

[Event "SV Wattenscheid 2 - SK Münster 1"]
[Site "Oberliga NRW 2013/2014"]
[Date "2014.03.09"]
[Round "7.6"]
[White "Hirsch, Stefan"]
[Black "Bolwerk, Peter"]
[Result "1-0"]
[WhiteElo "2210"]
[BlackElo "2222"]
[PlyCount "103"]
[EventDate "2014.??.??"]
[WhiteTeam "SV Wattenscheid 2"]
[BlackTeam "SK Münster 1"]

1. e4 c5 2. Nf3 e6 3. b3 a6 4. Bb2 d6 5. Be2 Nf6 6. e5 dxe5 7. Nxe5 Be7 8. O-O
O-O 9. a4 Nbd7 10. Nxd7 Bxd7 11. Na3 Nd5 12. Nc4 Bf6 13. Bxf6 Qxf6 14. a5 Rad8
15. Bf3 Bc6 16. Qe1 Nb4 17. Bxc6 Nxc6 18. d3 Nd4 19. Qd2 Rd5 20. f4 Qh6 21.
Rae1 Rfd8 22. Ne5 Qf6 23. Ng4 Qe7 24. Ne3 Rh5 25. g3 Qc7 26. Nc4 Qc6 27. Re4
Rhd5 28. Re3 Rf5 29. Re4 g5 30. Qd1 f6 31. Ne3 Kh8 32. Nxf5 exf5 33. Rxd4 cxd4
34. fxg5 fxg5 35. Rxf5 Qe6 36. Qf1 Qe3+ 37. Kg2 Rg8 38. Rf7 Qe6 39. Qf2 Qd5+
40. Kg1 Qe5 41. Rd7 Rc8 42. Rxd4 Kg7 43. Rd7+ Kh6 44. c4 Re8 45. d4 Qe4 46. h3
Qc6 47. Qf7 Re1+ 48. Kf2 Rf1+ 49. Kxf1 Qh1+ 50. Ke2 Qe4+ 51. Kf2 Qc2+ 52. Kg1
1-0

[Event "SV Wattenscheid 2 - SK Münster 1"]
[Site "Oberliga NRW 2013/2014"]
[Date "2014.03.09"]
[Round "7.7"]
[White "Chilla, Jan Eric"]
[Black "De Ruiter, Danny"]
[Result "1-0"]
[WhiteElo "2126"]
[BlackElo "2264"]
[PlyCount "53"]
[EventDate "2014.??.??"]
[WhiteTeam "SK Münster 1"]
[BlackTeam "SV Wattenscheid 2"]

1. Nf3 Nf6 2. g3 g6 3. b3 Bg7 4. Bb2 O-O 5. Bg2 d6 6. d4 e5 7. dxe5 Ng4 8. O-O
Nc6 9. Qd2 Ngxe5 10. c4 Re8 11. Nc3 Bg4 12. Rad1 Bxf3 13. exf3 Nd4 14. Qxd4
Nxf3+ 15. Bxf3 Bxd4 16. Rxd4 c6 17. Rfd1 f5 18. Kg2 Re6 19. c5 Qf6 20. Na4 Rd8
21. cxd6 Qf8 22. d7 Qf7 23. Nc5 Re7 24. Nxb7 Rdxd7 25. Bxc6 Rxd4 26. Rxd4 Rxb7
27. Rd8+ 1-0

[Event "SV Wattenscheid 2 - SK Münster 1"]
[Site "Oberliga NRW 2013/2014"]
[Date "2014.03.09"]
[Round "7.8"]
[White "Schroeder, Wilfried"]
[Black "Rott, Georg"]
[Result "0-1"]
[WhiteElo "2107"]
[BlackElo "2149"]
[PlyCount "56"]
[EventDate "2014.??.??"]
[WhiteTeam "SV Wattenscheid 2"]
[BlackTeam "SK Münster 1"]

1. Nf3 d5 2. d4 Nf6 3. c4 c6 4. e3 Bf5 5. Nc3 e6 6. Nh4 Be4 7. f3 Bg6 8. Nxg6
hxg6 9. g4 Bd6 10. f4 g5 11. Qf3 gxf4 12. exf4 dxc4 13. Bxc4 Qb6 14. Bb3 Nbd7
15. Be3 Nd5 16. O-O-O N7f6 17. f5 O-O-O 18. Bg5 Qc7 19. fxe6 fxe6 20. h4 Rdf8
21. Qe2 Re8 22. Bxf6 gxf6 23. Ne4 f5 24. Nxd6+ Qxd6 25. Bxd5 exd5 26. Qf3 fxg4
27. Qxg4+ Qd7 28. Rdg1 Re1+ 0-1

[Event "SK Münster 1 - SV Mülheim-Nord 2"]
[Site "Oberliga NRW 2013/2014"]
[Date "2014.04.06"]
[Round "8.1"]
[White "Nabuurs, Joep"]
[Black "Cuijpers, Frans Andre"]
[Result "1-0"]
[WhiteElo "2213"]
[BlackElo "2414"]
[PlyCount "91"]
[EventDate "2014.??.??"]
[WhiteTeam "SV Mülheim-Nord 2"]
[BlackTeam "SK Münster 1"]

1. e4 e5 2. Nf3 Nc6 3. Bb5 a6 4. Ba4 Nf6 5. O-O Be7 6. Re1 b5 7. Bb3 d6 8. c3
O-O 9. h3 Nd7 10. d4 Bf6 11. a4 Bb7 12. d5 Ne7 13. Bc2 g6 14. axb5 axb5 15.
Rxa8 Qxa8 16. Na3 Ba6 17. Bd3 Rb8 18. Nc2 Nc5 19. Bf1 Bc8 20. Nb4 Bd7 21. Nh2
Bg7 22. Ng4 Rf8 23. f3 f5 24. Nf2 f4 25. Nbd3 Na4 26. b3 Nb6 27. Qc2 Bf6 28.
Bb2 Bh4 29. Ra1 Qb7 30. c4 Bxf2+ 31. Kxf2 bxc4 32. bxc4 Nbc8 33. c5 g5 34. Ba3
Be8 35. Qb1 Qb5 36. Nb2 Qb3 37. Nc4 Qc3 38. Qb2 Qxb2+ 39. Bxb2 Bb5 40. Nxd6
Bxf1 41. Nxc8 Rxc8 42. Kxf1 Ng6 43. Bc3 Rb8 44. Ke2 Rb5 45. c6 Rb3 46. Kd2 1-0

[Event "SK Münster 1 - SV Mülheim-Nord 2"]
[Site "Oberliga NRW 2013/2014"]
[Date "2014.04.06"]
[Round "8.2"]
[White "Van Der Weide, Karel"]
[Black "Wittenberg, Andreas"]
[Result "1/2-1/2"]
[WhiteElo "2397"]
[BlackElo "2149"]
[PlyCount "147"]
[EventDate "2014.??.??"]
[WhiteTeam "SK Münster 1"]
[BlackTeam "SV Mülheim-Nord 2"]

1. e4 e6 2. d4 d5 3. Nc3 Nc6 4. e5 f6 5. Bb5 Qd7 6. Nf3 b6 7. O-O Bb7 8. Re1
O-O-O 9. a3 Qf7 10. b4 h6 11. exf6 Qxf6 12. Bb2 Nge7 13. Qe2 Rd6 14. Rad1 g5
15. Ba6 Ng6 16. Bxb7+ Kxb7 17. Nb5 Nf4 18. Nxd6+ cxd6 19. Qe3 h5 20. g3 Nh3+
21. Kg2 g4 22. Ng1 Ng5 23. Bc1 Ne4 24. f3 gxf3+ 25. Qxf3 Qg6 26. Rf1 Nd8 27.
Ne2 Bg7 28. Rde1 Bh6 29. Bxh6 Qxh6 30. Qf4 Qg6 31. h4 Rg8 32. Rf3 Rg7 33. Ref1
Rc7 34. c3 Nf7 35. Qc1 Qh7 36. Nf4 Qh6 37. Qe1 Nd8 38. Re3 Qh7 39. b5 Kb8 40.
Rff3 Kb7 41. Re2 Rc4 42. Nh3 Qc7 43. Rxe4 dxe4 44. Qxe4+ d5 45. Qe3 Qh7 46. Qg5
Rc8 47. Nf2 Kc7 48. Nd3 Nb7 49. Qe5+ Kd7 50. Nf4 Qc2+ 51. Kg1 Qd1+ 52. Kg2 Qc2+
53. Kh3 Qe4 54. Qxe4 dxe4 55. Re3 Nd6 56. Nxh5 Nf5 57. Rxe4 Rxc3 58. d5 exd5
59. Re5 Ne3 60. Nf4 d4 61. Ne2 Rc5 62. Re4 Nc2 63. Nxd4 Rc4 64. h5 Rxd4 65.
Rxd4+ Nxd4 66. h6 Ne6 67. Kg4 Nf8 68. Kf5 Ke7 69. Ke5 Ng6+ 70. Kd5 Kd7 71. h7
Nh8 72. Ke5 Ke7 73. Kd5 Kd7 74. Ke5 1/2-1/2

[Event "SK Münster 1 - SV Mülheim-Nord 2"]
[Site "Oberliga NRW 2013/2014"]
[Date "2014.04.06"]
[Round "8.3"]
[White "Nachbar, Benjamin"]
[Black "Kuijf, Marinus"]
[Result "1-0"]
[WhiteElo "2133"]
[BlackElo "2357"]
[PlyCount "65"]
[EventDate "2014.??.??"]
[WhiteTeam "SV Mülheim-Nord 2"]
[BlackTeam "SK Münster 1"]

1. d4 d5 2. c4 e6 3. Nc3 c6 4. cxd5 exd5 5. Qc2 Bd6 6. Nf3 Ne7 7. Bg5 f6 8. Bh4
Bf5 9. Qb3 Qb6 10. Bg3 Bxg3 11. hxg3 Qxb3 12. axb3 Na6 13. e3 Nc7 14. Kd2 Nc8
15. Nh4 Nd6 16. Nxf5 Nxf5 17. Bd3 Nh6 18. f3 f5 19. Rxh6 gxh6 20. Bxf5 O-O 21.
Bd3 Ne8 22. Rh1 Kg7 23. Ne2 Nf6 24. g4 Rae8 25. Ng3 Nxg4 26. fxg4 Rf2+ 27. Be2
Rxg2 28. Nf5+ Kh8 29. Ke1 h5 30. Kf1 Rxg4 31. Bxg4 hxg4 32. Kg2 Rf8 33. Rh5 1-0

[Event "SK Münster 1 - SV Mülheim-Nord 2"]
[Site "Oberliga NRW 2013/2014"]
[Date "2014.04.06"]
[Round "8.4"]
[White "Molinaroli, Martin"]
[Black "Krueger, Andre"]
[Result "0-1"]
[WhiteElo "2220"]
[BlackElo "2063"]
[PlyCount "82"]
[EventDate "2014.??.??"]
[WhiteTeam "SK Münster 1"]
[BlackTeam "SV Mülheim-Nord 2"]

1. b3 e5 2. Bb2 Nc6 3. e3 Nf6 4. Bb5 Bd6 5. Ne2 a6 6. Bxc6 dxc6 7. Ng3 h5 8.
Nc3 h4 9. Nge4 h3 10. Qf3 Nxe4 11. Nxe4 Qh4 12. gxh3 Bxh3 13. Rg1 f5 14. Nxd6+
cxd6 15. Qg3 Bg4 16. f3 Bxf3 17. Qxh4 Rxh4 18. Rxg7 O-O-O 19. Rg3 Bg4 20. Rg2
Rdh8 21. Kf2 Rxh2 22. Rag1 R8h3 23. Rxh2 Rxh2+ 24. Rg2 Rh7 25. d3 Kd7 26. Bc3
Ke6 27. e4 Rh1 28. exf5+ Kxf5 29. Kg3 Rh3+ 30. Kf2 d5 31. Ba5 e4 32. dxe4+ dxe4
33. Bd2 Rf3+ 34. Ke1 e3 35. Ba5 Rh3 36. Rg1 Bf3 37. Bc7 Ke4 38. Kf1 Rh7 39. Ba5
Rh2 40. c4 Rf2+ 41. Ke1 Rxa2 0-1

[Event "SK Münster 1 - SV Mülheim-Nord 2"]
[Site "Oberliga NRW 2013/2014"]
[Date "2014.04.06"]
[Round "8.5"]
[White "Bus, Tom"]
[Black "Emunds, Hans Georg"]
[Result "1-0"]
[WhiteElo "2079"]
[BlackElo "2203"]
[PlyCount "72"]
[EventDate "2014.??.??"]
[WhiteTeam "SV Mülheim-Nord 2"]
[BlackTeam "SK Münster 1"]

1. c4 b6 2. Nc3 Bb7 3. e4 e6 4. Nge2 Nf6 5. d3 c5 6. g3 d5 7. exd5 exd5 8. Bg2
Qd7 9. Nf4 dxc4 10. Bxb7 Qxb7 11. O-O Be7 12. Re1 O-O 13. dxc4 Nc6 14. Nfd5
Nxd5 15. Nxd5 Rad8 16. Qf3 Rd7 17. Bd2 Nb4 18. Bxb4 cxb4 19. Rad1 Kh8 20. Qf5
g6 21. Qe5+ f6 22. Qe6 Bc5 23. h4 Rd6 24. Qe4 Qd7 25. Kg2 Qg7 26. b3 f5 27. Qf4
Rdd8 28. Re6 Rde8 29. Rde1 Rxe6 30. Rxe6 Qb2 31. h5 g5 32. Qe5+ Qxe5 33. Rxe5
Kg7 34. Re6 h6 35. Rg6+ Kh7 36. Nf6+ Kh8 1-0

[Event "SK Münster 1 - SV Mülheim-Nord 2"]
[Site "Oberliga NRW 2013/2014"]
[Date "2014.04.06"]
[Round "8.6"]
[White "Wolter, Kai"]
[Black "Beerdsen, Thomas"]
[Result "1-0"]
[WhiteElo "2232"]
[BlackElo "2190"]
[PlyCount "61"]
[EventDate "2014.??.??"]
[WhiteTeam "SK Münster 1"]
[BlackTeam "SV Mülheim-Nord 2"]

1. e4 c5 2. Nf3 d6 3. d4 cxd4 4. Nxd4 Nf6 5. Nc3 a6 6. Be2 g6 7. O-O Bg7 8. Re1
O-O 9. Bf1 b5 10. Bg5 Bb7 11. a4 b4 12. Nd5 Nbd7 13. Nxb4 Qb6 14. c3 e5 15. a5
Qc7 16. Nf3 Nxe4 17. Nxa6 Bxa6 18. Rxe4 Bxf1 19. Kxf1 f6 20. Qd5+ Kh8 21. Be3
f5 22. Rc4 Qb8 23. Rb4 Qd8 24. Qxd6 e4 25. Rb7 exf3 26. Qxd7 Qxd7 27. Rxd7 Rfb8
28. Ra2 Bxc3 29. a6 Be5 30. gxf3 Rb4 31. f4 1-0

[Event "SK Münster 1 - SV Mülheim-Nord 2"]
[Site "Oberliga NRW 2013/2014"]
[Date "2014.04.06"]
[Round "8.7"]
[White "Ozerov, Ilja"]
[Black "Kamp, Christoph"]
[Result "0-1"]
[WhiteElo "2087"]
[BlackElo "2147"]
[PlyCount "90"]
[EventDate "2014.??.??"]
[WhiteTeam "SV Mülheim-Nord 2"]
[BlackTeam "SK Münster 1"]

1. e4 e6 2. d3 d5 3. Nd2 Nf6 4. Ngf3 b6 5. Be2 dxe4 6. dxe4 Bb7 7. Bb5+ Nfd7 8.
O-O a6 9. Bc4 b5 10. Bb3 Nc5 11. Qe2 Be7 12. Rd1 Nbd7 13. a4 Qb8 14. Ba2 Nxa4
15. Nf1 c5 16. Ng3 Qc7 17. Nh5 Rg8 18. Bf4 Qc6 19. Rxd7 Qxd7 20. Ne5 Qd4 21.
Rd1 Qxe4 22. Qg4 Rd8 23. Rf1 Kf8 24. f3 Qf5 25. Qxf5 exf5 26. Bxf7 Rh8 27. Be6
Bd5 28. Nd7+ Rxd7 29. Bxd7 Kf7 30. b3 Nb6 31. Rd1 g6 32. Ng3 Rd8 33. Bxf5 Bxb3
34. Rxd8 Bxd8 35. cxb3 gxf5 36. Nxf5 c4 37. Nd6+ Ke6 38. bxc4 Nxc4 39. Ne4 a5
40. Kf1 b4 41. Ke2 Kd5 42. Kd3 a4 43. Kc2 Bb6 44. Bc1 Bd4 45. Kb1 b3 0-1

[Event "SK Münster 1 - SV Mülheim-Nord 2"]
[Site "Oberliga NRW 2013/2014"]
[Date "2014.04.06"]
[Round "8.8"]
[White "Rott, Georg"]
[Black "Limbourg, Philipp"]
[Result "1/2-1/2"]
[WhiteElo "2149"]
[BlackElo "2096"]
[Annotator "Doe,John"]
[PlyCount "84"]
[EventDate "2014.??.??"]
[WhiteTeam "SK Münster 1"]
[BlackTeam "SV Mülheim-Nord 2"]

1. e4 c5 2. Nf3 g6 3. c3 Bg7 4. d4 cxd4 5. cxd4 d5 6. exd5 Nf6 7. Bb5+ Bd7 8.
Bc4 O-O 9. Nc3 Bg4 10. Be3 Nbd7 11. h3 Bxf3 12. Qxf3 Nb6 13. Bb3 a5 14. a3 a4
15. Ba2 Ra5 16. d6 Qxd6 17. O-O Qd7 18. Rac1 e6 19. Rfd1 Nbd5 20. Bd2 Ra6 21.
Nxd5 Nxd5 22. Bxd5 exd5 23. Rc5 Rf6 24. Qg4 Rf5 25. Be3 b6 26. Rc2 Qb5 27. Rdc1
Rf6 $11 28. Qd1 Re6 29. Qd2 Rfe8 30. Rc7 Bf8 31. Qc2 Bd6 32. Ra7 R6e7 33. Qxa4
Qxb2 34. Rxe7 Rxe7 35. Rd1 Qxa3 36. Qc6 Rxe3 37. fxe3 Qxe3+ 38. Kf1 Qf4+ 39.
Ke2 Qe4+ 40. Kf2 Qf4+ 41. Kg1 Qh2+ 42. Kf2 Qf4+ 1/2-1/2

[Event "SK Turm Emsdetten 2 - SG Porz 2"]
[Site "Oberliga NRW 2013/2014"]
[Date "2014.04.06"]
[Round "8.1"]
[White "Miedema, David"]
[Black "Kabatianski, Alexander"]
[Result "1-0"]
[WhiteElo "2402"]
[BlackElo "2422"]
[PlyCount "139"]
[EventDate "2014.??.??"]
[WhiteTeam "SG Porz 2"]
[BlackTeam "SK Turm Emsdetten 2"]

1. d4 Nf6 2. c4 e6 3. Nf3 b6 4. g3 Bb7 5. Bg2 Bb4+ 6. Bd2 a5 7. O-O O-O 8. Bg5
Be7 9. Nc3 h6 10. Bxf6 Bxf6 11. e4 d6 12. Qc2 Nd7 13. Rad1 Qe7 14. Rfe1 g6 15.
e5 Bg7 16. d5 Nxe5 17. Nxe5 Bxe5 18. dxe6 Bxg2 19. Kxg2 Bxc3 20. Qxc3 fxe6 21.
Qe3 Rf6 22. Qxh6 Qf7 23. Rd2 e5 24. Re4 Rf8 25. Qe3 Rf3 26. Qe1 Rf5 27. b3 Qh7
28. Rh4 Qf7 29. Re2 Qf6 30. Qd2 Qf7 31. Kg1 Rf3 32. Kg2 Rf5 33. Rg4 Kh7 34. Qc2
Kg7 35. Qb2 Rf3 36. Qc2 Qf6 37. h4 Rf5 38. Kh3 Qe6 39. f4 Kh6 40. Re4 Qd7 41.
fxe5 dxe5 42. Rxe5 R8f6 43. Rxf5 Rxf5 44. Qe4 Rf6 45. Qa8 Kh7 46. Qe4 Re6 47.
Qd5 Rd6 48. Qe5 Qc6 49. Qe7+ Kh6 50. Qe3+ Kh7 51. Qe4 Qxe4 52. Rxe4 Rd2 53.
Re7+ Kh6 54. Rxc7 Rxa2 55. g4 g5 56. Rc6+ Kh7 57. Rxb6 Ra3 58. Rb7+ Kh6 59.
hxg5+ Kxg5 60. Rb5+ Kg6 61. Kh4 a4 62. Rb6+ Kg7 63. bxa4 Rxa4 64. c5 Rd4 65.
Rd6 Rc4 66. Rc6 Kf7 67. Kh5 Rc1 68. Kg5 Rc2 69. Rc7+ Ke6 70. Kg6 1-0

[Event "SK Turm Emsdetten 2 - SG Porz 2"]
[Site "Oberliga NRW 2013/2014"]
[Date "2014.04.06"]
[Round "8.2"]
[White "Rijnaarts, Sjef"]
[Black "Korotkjevich, Stanislav"]
[Result "0-1"]
[WhiteElo "2390"]
[BlackElo "2354"]
[PlyCount "70"]
[EventDate "2014.??.??"]
[WhiteTeam "SK Turm Emsdetten 2"]
[BlackTeam "SG Porz 2"]

1. e4 c5 2. Nf3 Nc6 3. d4 cxd4 4. Nxd4 e5 5. Nb5 d6 6. N1c3 a6 7. Na3 Be6 8.
Nd5 Nf6 9. Nxf6+ Qxf6 10. g3 h5 11. h3 Be7 12. Bg2 h4 13. g4 O-O 14. O-O b5 15.
c3 b4 16. Nb1 Rfc8 17. b3 bxc3 18. Nxc3 Nd4 19. Bb2 Bd8 20. Na4 Bd7 21. Nc3 Bc6
22. f4 Bb6 23. Kh1 Qh6 24. Bc1 Nb5 25. Nxb5 Bxb5 26. fxe5 Qe6 27. Rf5 dxe5 28.
Bb2 Rc5 29. b4 Rc4 30. Rxe5 Qg6 31. a3 Rd8 32. Rd5 Rxd5 33. Qxd5 Rc2 34. Bd4
Bc6 35. Qe5 Rxg2 0-1

[Event "SK Turm Emsdetten 2 - SG Porz 2"]
[Site "Oberliga NRW 2013/2014"]
[Date "2014.04.06"]
[Round "8.3"]
[White "Malykin, Vitaly"]
[Black "Van Foreest, Jorden"]
[Result "1/2-1/2"]
[WhiteElo "2321"]
[BlackElo "2349"]
[PlyCount "81"]
[EventDate "2014.??.??"]
[WhiteTeam "SG Porz 2"]
[BlackTeam "SK Turm Emsdetten 2"]

1. Nf3 d5 2. d4 Nf6 3. c4 c6 4. Nc3 dxc4 5. e4 b5 6. Qc2 Bg4 7. a4 b4 8. Ne2 e6
9. Be3 Nbd7 10. Ne5 Nxe5 11. dxe5 Nd7 12. f3 Bh5 13. Nf4 Bg6 14. O-O-O Qc7 15.
h4 Bc5 16. Bxc5 Nxc5 17. h5 Qxe5 18. g3 Bxe4 19. fxe4 c3 20. Nd3 Nxd3+ 21. Bxd3
O-O 22. h6 g6 23. Qf2 Rad8 24. b3 Rd7 25. Qf4 Qxf4+ 26. gxf4 Rfd8 27. Bc2 f5
28. Rxd7 Rxd7 29. Rd1 Rxd1+ 30. Kxd1 Kf7 31. Ke2 Kf6 32. e5+ Kf7 33. Ke3 a5 34.
Bd1 Ke7 35. Kd4 Kf7 36. Kd3 Ke7 37. Ke3 Kf7 38. Bc2 Ke7 39. Bb1 Kf8 40. Kf3 Kf7
41. Bc2 1/2-1/2

[Event "SK Turm Emsdetten 2 - SG Porz 2"]
[Site "Oberliga NRW 2013/2014"]
[Date "2014.04.06"]
[Round "8.4"]
[White "Rietman, Frits"]
[Black "Gallinnis, Norbert"]
[Result "1/2-1/2"]
[WhiteElo "2259"]
[BlackElo "2268"]
[PlyCount "73"]
[EventDate "2014.??.??"]
[WhiteTeam "SK Turm Emsdetten 2"]
[BlackTeam "SG Porz 2"]

1. e4 c5 2. Nf3 d6 3. d4 cxd4 4. Nxd4 Nf6 5. Nc3 a6 6. g3 e6 7. Bg2 Be7 8. O-O
O-O 9. a4 Qc7 10. h3 Nc6 11. Nde2 Rb8 12. Be3 b5 13. axb5 axb5 14. Nd4 Nxd4 15.
Bxd4 b4 16. Ra7 Qd8 17. Na2 Re8 18. e5 Nd5 19. exd6 Qxd6 20. c4 bxc3 21. Nxc3
Bb7 22. Nxd5 Bxd5 23. Bxd5 Qxd5 24. Qg4 Bf8 25. Bc3 Rb7 26. Ra5 Rb5 27. Ra7 h5
28. Qf4 e5 29. Qf5 g6 30. Qd7 Qxd7 31. Rxd7 e4 32. Rfd1 Bg7 33. Rd8 Rxd8 34.
Rxd8+ Kh7 35. Re8 Bxc3 36. bxc3 Rc5 37. Rxe4 1/2-1/2

[Event "SK Turm Emsdetten 2 - SG Porz 2"]
[Site "Oberliga NRW 2013/2014"]
[Date "2014.04.06"]
[Round "8.5"]
[White "Peschlow, Patrick"]
[Black "Smit, Erik"]
[Result "1-0"]
[WhiteElo "2306"]
[BlackElo "2187"]
[Annotator "Doe,John"]
[PlyCount "53"]
[EventDate "2014.??.??"]
[WhiteTeam "SG Porz 2"]
[BlackTeam "SK Turm Emsdetten 2"]

1. e4 g6 2. d4 Bg7 3. Nc3 c6 4. Nf3 d5 5. h3 dxe4 6. Nxe4 Nf6 7. Nxf6+ exf6 8.
Bc4 Qe7+ 9. Qe2 Qxe2+ 10. Kxe2 O-O 11. Bf4 Nd7 12. Rhe1 Nb6 13. Bb3 Be6 14. Kf1
Rfe8 15. Re2 Bxb3 16. axb3 Rxe2 17. Kxe2 Nd5 $11 18. Bd2 Bf8 19. c4 Nb4 20. Ra4
b5 21. cxb5 cxb5 22. Rxb4 Rb8 23. d5 Bxb4 24. Bxb4 Rd8 25. d6 a5 26. Bc5 Rc8
27. Bb6 1-0

[Event "SK Turm Emsdetten 2 - SG Porz 2"]
[Site "Oberliga NRW 2013/2014"]
[Date "2014.04.06"]
[Round "8.6"]
[White "Hachijan, Armen"]
[Black "Wagenknecht, Uwe"]
[Result "1-0"]
[WhiteElo "2232"]
[BlackElo "2165"]
[PlyCount "105"]
[EventDate "2014.??.??"]
[WhiteTeam "SK Turm Emsdetten 2"]
[BlackTeam "SG Porz 2"]

1. Nf3 Nf6 2. g3 g6 3. Bg2 Bg7 4. O-O O-O 5. Re1 d5 6. d3 c6 7. Nbd2 Nbd7 8.
Nb3 e5 9. e4 Re8 10. Bd2 dxe4 11. dxe4 Qc7 12. Bc3 b6 13. Nfd2 a5 14. a4 Ba6
15. Bf1 Bxf1 16. Kxf1 Bf8 17. Qf3 Qd6 18. Kg2 Qe6 19. Nc1 Bb4 20. Bxb4 axb4 21.
Nd3 c5 22. Qe2 Nb8 23. b3 Nc6 24. Nc4 Nd4 25. Qd2 Nd7 26. f3 f6 27. Ne3 Qc6 28.
Nd5 Kg7 29. Nb2 Nf8 30. Nc4 Rab8 31. Rf1 Nfe6 32. Kh1 Nc7 33. Nde3 Rbd8 34. Qg2
Rd7 35. Rad1 Red8 36. Rd2 Nce6 37. Rdf2 b5 38. axb5 Nxb5 39. f4 exf4 40. gxf4
Ned4 41. f5 g5 42. e5 fxe5 43. Nxe5 Qxg2+ 44. Rxg2 h6 45. f6+ Kf8 46. Nxd7+
Rxd7 47. Ng4 Rh7 48. Ne5 Nd6 49. Ra1 Rc7 50. Ra8+ Rc8 51. Ra7 Nc6 52. Ng6+ Ke8
53. Re2+ 1-0